000 00661nam a2200181Ia 4500
008 190511s9999 xx 000 0 und d
100 _aKlump, Kelly L.
245 _aEstrogen moderates genetic influences on binge eating during puberty: Disruption of nomative processes? /
245 _cKelly L. Klump, Natasha Fowler, Laura Mayhall, Cheryl L. Sisk, K.M. Culbert and Alexandra Burt.--
260 _bAmerican Psychological Association
260 _c2018
300 _aPages 458-470, July 2018
440 _aJournal of Abnormal Psychology
_v127(5)
650 _aBinge eating
650 _aestrogen
650 _aGenetic effects
650 _aprogesterone
999 _c361842
_d361842